ბათუმის შოთა რუსთაველის სახელმწიფო უნივერსიტეტის ბიბლიოთეკა

Падуя. Виченца. Верона / (ბიბ.ჩანაწერი № 60851)

000 -LEADER
fixed length control field 00595nam a22001697a 4500
005 - DATE AND TIME OF LATEST TRANSACTION
control field 20231110104843.0
008 - FIXED-LENGTH DATA ELEMENTS--GENERAL INFORMATION
fixed length control field 231110s1978 ru ||||| |||| 00| 0 rus d
041 ## - LANGUAGE CODE
Language code of text/sound track or separate title rus
080 ## - UNIVERSAL DECIMAL CLASSIFICATION NUMBER
Universal Decimal Classification number 726 Г-71
100 ## - MAIN ENTRY--PERSONAL NAME
Personal name Горяинов, В. В.
9 (RLIN) 20313
245 ## - TITLE STATEMENT
Title Падуя. Виченца. Верона /
Statement of responsibility, etc. В. В. Горяинов.
264 ## - PRODUCTION, PUBLICATION, DISTRIBUTION, MANUFACTURE, AND COPYRIGHT NOTICE
Place of production, publication, distribution, manufacture Москва :
Name of producer, publisher, distributor, manufacturer Искусство,
Date of production, publication, distribution, manufacture, or copyright notice 1978.
300 ## - PHYSICAL DESCRIPTION
Extent 182 с. :
Other physical details ил. ;
Dimensions 16 см
440 ## - SERIES STATEMENT/ADDED ENTRY--TITLE
Title Города и музеи мира
9 (RLIN) 20091
653 ## - INDEX TERM--UNCONTROLLED
keyword პადუა. ვიჩენცა. ვერონა
942 ## - ADDED ENTRY ELEMENTS (KOHA)
Source of classification or shelving scheme
Koha item type წიგნი
ეგზემპლარები
Withdrawn status Lost status Source of classification or shelving scheme Damaged status Not for loan Permanent Location Current Location Shelving location Date acquired Cost, normal purchase price Full call number Barcode Date last seen Copy number Uniform Resource Identifier Price effective from Koha item type Public note
          ბათუმის შოთა რუსთაველის სახელმწიფო უნივერსიტეტის მთავარი ბიბლიოთეკა ბათუმის შოთა რუსთაველის სახელმწიფო უნივერსიტეტის მთავარი ბიბლიოთეკა წიგნსაცავი 2023-11-10 5.00 726 Г-71 65404 2023-11-10 65404 ბსუ-ს საპატიო დოქტორის გურამ ლორთქიფანიძის საჩუქარი 2023-11-10 წიგნი 5 ლ.